LEADER 01180nam 2200325Ia 450 001 996393348003316 005 20210104162439.0 035 $a(CKB)1000000000686095 035 $a(EEBO)2248575752 035 $a(OCoLC)ocn124064232e 035 $a(OCoLC)124064232 035 $a(EXLCZ)991000000000686095 100 $a20070508d1681 uy 0 101 0 $alat 135 $aurbn||||a|bb| 200 10$aPub. Ovidii Nasonis De tristibus libri V$b[electronic resource] $ecum annotationibus minime? rejiciendis. Ex collatione exemplarium, a? quamplurimts mendis purgati 210 $aLondini, $cExcudebat B.G. pro Societate Stationariorum$d1681 215 $a[2], 94 p 300 $aImperfect: pages stained, with print show-through and loss of print. 300 $aReproduction of original in the University of Toronto Library. 330 $aeebo-0180 606 $aEpistolary poetry, Latin$vEarly works to 1800 615 0$aEpistolary poetry, Latin 700 $aOvid$f43 B.C.-17 or 18 A.D.$0154954 801 0$bUMI 801 1$bUMI 906 $aBOOK 912 $a996393348003316 996 $aPub. Ovidii Nasonis de tristibus libri. V$92320517 997 $aUNISA LEADER 01748nam 2200481 450 001 9910137675503321 005 20221010221945.0 010 $a953-51-4530-4 035 $a(CKB)3230000000077106 035 $a(NjHacI)993230000000077106 035 $a(oapen)https://directory.doabooks.org/handle/20.500.12854/60876 035 $a(MiAaPQ)EBC30390163 035 $a(Au-PeEL)EBL30390163 035 $a(EXLCZ)993230000000077106 100 $a20221010d2011 uy 0 101 0 $aeng 135 $aur||||||||||| 181 $ctxt$2rdacontent 182 $cc$2rdamedia 183 $acr$2rdacarrier 200 00$aThermodynamics /$fedited by Mizutani Tadashi 205 $a1st ed. 210 $cIntechOpen$d2011 210 1$aCroatia :$cIntechOpen,$d2011. 215 $a1 online resource (452 pages) 311 $a953-307-544-9 330 $aProgress of thermodynamics has been stimulated by the findings of a variety of fields of science and technology. The principles of thermodynamics are so general that the application is widespread to such fields as solid state physics, chemistry, biology, astronomical science, materials science, and chemical engineering. The contents of this book should be of help to many scientists and engineers. 606 $aThermodynamics 610 $aEngineering 610 $aPhysical Sciences 610 $aEngineering and Technology 610 $aThermal Engineering 610 $aChemical Engineering 615 0$aThermodynamics. 676 $a536.7 700 $aMizutani Tadashi$4auth$01364776 702 $aTadashi$b Mizutani 801 0$bNjHacI 801 1$bNjHacl 906 $aBOOK 912 $a9910137675503321 996 $aThermodynamics$93386253 997 $aUNINA